Statistics for RWBY Trivia

Click here to take the quiz!

General Stats

  • This quiz has been taken 231 times
  • The average score is 14 of 15

Answer Stats

HintAnswer% Correct
Faunus MemberBlake
100%
Leader of Team RWBYRuby
100%
Ice QueenWeiss
100%
Red's SisterYang
100%
Leader of Team JNPRJaune
99%
BoopNora
99%
Name of School They all AttendBeacon
97%
Was Voiced by MontyRen
96%
Invincible GirlPyrrha
95%
Leader of Team CFVYCoco
94%
Third MemberVelvet
94%
Main Antagonist for Volume 4 and onwardsSalem
92%
Second MemberFox
90%
Fourth MemberYatsuhashi
80%
Name of Festival in Volume ThreeVytal
79%

Score Distribution

Percentile by Number Answered

Percent of People with Each Score

Your Score History

You have not taken this quiz